Decadencia y caída del Imperio Romano / (Record no. 181861)

MARC details
000 -LEADER
campo de control de longitud fija 00946nam a2200277 i 4500
001 - NÚMERO DE CONTROL
campo de control 181861
003 - IDENTIFICADOR DE NÚMERO DE CONTROL
campo de control ES-MaACL
005 - FECHA Y HORA DE LA ÚLTIMA TRANSACCIÓN
campo de control 20250921063039.0
008 - DATOS DE LONGITUD FIJA--INFORMACIÓN GENERAL
campo de control de longitud fija 130503s2012 sp a | |||||||| | spa d
020 ## - NÚMERO INTERNACIONAL ESTÁNDAR DEL LIBRO
Número Internacional Estándar del Libro 978-84-939635-0-7
080 ## - NÚMERO DE LA CLASIFICACIÓN DECIMAL UNIVERSAL
Número de la Clasificación Decimal Universal 94(37)"-0030/+0476"
080 ## - NÚMERO DE LA CLASIFICACIÓN DECIMAL UNIVERSAL
Número de la Clasificación Decimal Universal 94(495)"03714"
100 1# - ENTRADA PRINCIPAL--NOMBRE DE PERSONA
Nombre de persona Gibbon, Edward,
Fechas asociadas al nombre 1737-1794
9 (RLIN) 56630
245 10 - MENCIÓN DEL TÍTULO
Título Decadencia y caída del Imperio Romano /
Mención de responsabilidad, etc. Edward Gibbon ; traducción, José Sánchez de León Menduiña.
260 ## - PUBLICACIÓN, DISTRIBUCIÓN, ETC.
Lugar de publicación, distribución, etc. Girona :
Nombre del editor, distribuidor, etc. Atlanta,
Fecha de publicación, distribución, etc. -2012.
300 ## - DESCRIPCIÓN FÍSICA
Extensión v. <1> (p. CXXII-1471) :
Otras características físicas 1 retr. ;
Dimensiones 23 cm.
490 1# - MENCIÓN DE SERIE
Mención de serie Memoria mundi
500 ## - NOTA GENERAL
Nota general En 2 v.
594 ## - Nota al título y mención de responsabilidad
Nota al título y mención de responsabilidad Título original: The decline and fall of the Roman Empire.
651 #4 - PUNTO DE ACCESO ADICIONAL DE MATERIA--NOMBRE GEOGRÁFICO
Nombre geográfico Roma.
9 (RLIN) 139536
651 #4 - PUNTO DE ACCESO ADICIONAL DE MATERIA--NOMBRE GEOGRÁFICO
Nombre geográfico Imperio bizantino-
Subdivisión general Historia.
9 (RLIN) 8834
700 1# - ENTRADA AGREGADA--NOMBRE PERSONAL
Nombre de persona Sánchez de Léon Menduiña, José.
9 (RLIN) 152667
830 0# - PUNTO DE ACCESO ADICIONAL DE SERIE-TÍTULO UNIFORME
Título uniforme Memoria mundi
9 (RLIN) 224756
852 ## - LOCALIZACIÓN
Ubicación ES-MaACL
Número de control de estantería P-1962
Holdings
Estatus retirado Estado de pérdida Estado de daño No para préstamo Biblioteca de origen Biblioteca actual Ubicación en estantería Fecha de adquisición Fuente de adquisición Total de préstamos Signatura topográfica completa Código de barras Visto por última vez Precio de reemplazo Tipo de ítem Koha
        Biblioteca del Ateneo de Madrid Biblioteca del Ateneo de Madrid Depósito 2 03/05/2013     P-1962 1191119 23/02/2023 23/02/2023 Libro impreso